Normal view
MARC view
Entry Topical Term
001 - CONTROL NUMBER
- control field: 11684
003 - CONTROL NUMBER IDENTIFIER
- control field: HDC
005 - DATE AND TIME OF LATEST TRANSACTION
- control field: 20230624073349.0
008 - FIXED-LENGTH DATA ELEMENTS
- fixed length control field: 210207|| aca||aabn | a|a d
040 ## - CATALOGING SOURCE
- Original cataloging agency: HDC
- Transcribing agency: HDC
150 ## - HEADING--TOPICAL TERM
- Topical term or geographic name entry element: Cosmetic standards
670 ## - SOURCE DATA FOUND
- Source citation: Work cat.: (HDC): Sohn Ji-young author 11329, K-beauty ready for global halal market? /, [no year]
